书目信息 |
| 题名: |
内河航道工程设计标准
|
|
| 作者: | 徐元 起草 ;中交上海航道勘察设计研究院公司 主编 | |
| 分册: | ||
| 出版信息: | 上海 同济大学出版社 2021.08 |
|
| 页数: | 133页 | |
| 开本: | 20cm | |
| 丛书名: | 上海市工程建设规范 | |
| 单 册: | ||
| 中图分类: | U697.31-65 | |
| 科图分类: | ||
| 主题词: | 内河航道--nei he hang dao--工程施工--标准--中国 | |
| 电子资源: | ||
| ISBN: | 978-7-5608-9702-8 | |
| 000 | 01455nam 2200301 450 | |
| 001 | 24968 | |
| 005 | 20220918140438.68 | |
| 010 | @a978-7-5608-9702-8@dCNY45.00 | |
| 094 | @aCN@bDG/TJ 08-2116-2020 J 12229-2021 | |
| 100 | @a20211019d2021 em y0chiy50 ea | |
| 101 | 0 | @achi@eeng |
| 102 | @aCN@b310000 | |
| 105 | @aak l 000yy | |
| 200 | 1 | @a内河航道工程设计标准@Anei he hang dao gong cheng she ji biao zhun@d= Standard for design of inland waterway engineering@f主编单位中交上海航道勘察设计研究院有限公司@zeng |
| 210 | @a上海@c同济大学出版社@d2021.08 | |
| 215 | @a133页@c图@d20cm | |
| 225 | 2 | @a上海市工程建设规范@Ashang hai shi gong cheng jian she gui fan |
| 300 | @a上海市住房和城乡建设管理委员会发布 2021-08-01发布 2021-08-01实施 | |
| 314 | @a起草人: 徐元 ... [等] | |
| 330 | @a为适应本市内河水运发展需求, 统一内河航道工程技术要求, 在现行有关标准的基础上, 结合本市内河航道的特点, 制定本标准。本标准适用于除黄浦江航道以外的本市内河航道 (含船闸、过河建筑物、临河建筑物等) 的规划、设计和通航条件影响评价。 | |
| 410 | 0 | @12001 @a上海市工程建设规范 |
| 510 | 1 | @aStandard for design of inland waterway engineering@zeng |
| 606 | 0 | @a内河航道@Anei he hang dao@x工程施工@x标准@y中国 |
| 690 | @aU697.31-65@v5 | |
| 701 | 0 | @a徐元@Axu yuan@4起草 |
| 712 | 02 | @a中交上海航道勘察设计研究院公司@Azhong jiao shang hai hang dao kan cha she ji yan jiu yuan gong si@4主编 |
| 801 | 0 | @aCN@c20220910 |
| 905 | @a河南城建学院图书馆@dU697.31-65@eX835@f2 | |
| 内河航道工程设计标准= Standard for design of inland waterway engineering/主编单位中交上海航道勘察设计研究院有限公司.-上海:同济大学出版社,2021.08 |
| 133页:图;20cm.-(上海市工程建设规范) |
| 上海市住房和城乡建设管理委员会发布 2021-08-01发布 2021-08-01实施 |
| ISBN 978-7-5608-9702-8:CNY45.00 |
| 为适应本市内河水运发展需求, 统一内河航道工程技术要求, 在现行有关标准的基础上, 结合本市内河航道的特点, 制定本标准。本标准适用于除黄浦江航道以外的本市内河航道 (含船闸、过河建筑物、临河建筑物等) 的规划、设计和通航条件影响评价。 |
| ● |
| 相关链接 |
|
|
|
正题名:内河航道工程设计标准
索取号:U697.31-65/X835
 
预约/预借
| 序号 | 登录号 | 条形码 | 馆藏地/架位号 | 状态 | 备注 |
| 1 | 1575551 | 215755519 | 自科库501/501自科库 59排3列5层/ [索取号:U697.31-65/X835] | 在馆 | |
| 2 | 1575552 | 215755528 | 自科库501/501自科库 59排3列5层/ [索取号:U697.31-65/X835] | 在馆 |